Normal view
MARC view
Entry Personal Name
001 - CONTROL NUMBER
- control field: 1236449
003 - CONTROL NUMBER IDENTIFIER
- control field: OSt
005 - DATE AND TIME OF LATEST TRANSACTION
- control field: 20260430150108.0
008 - FIXED-LENGTH DATA ELEMENTS
- fixed length control field: 260430|| aca||aabn | a|a d
040 ## - CATALOGING SOURCE
- Original cataloging agency: OSt
- Transcribing agency: OSt
100 ## - HEADING--PERSONAL NAME
- Personal name: University of Delhi. Arts Faculty. Department of Library nad Information Science
670 ## - SOURCE DATA FOUND
- Source citation: Work cat.: (OSt)1848935: Monika Singh Au.; Bhatt R. K. Gu. 1236448, Use and promotion of library and information sources and services in select special libraries in Delhi: a study, 2022
